00347nam a2200133Ia 4500003000400000008004100004020002300045040000800068100002200076245005800098260003200156300001400188365001100202LDD181029s9999 xx 000 0 und d a8175963670c495.00 cLDD aPinch, William R. 0aWarrior ascetics and Indian empirescWilliam R. Pinch aNew DelhibFoundationc2006 axi, 280p. b495.00